Malaixiya zhong cao yao. (Record no. 173164)
[ view plain ]
| 000 -LEADER | |
|---|---|
| fixed length control field | 01454cam a22004095i 4500 |
| 001 - CONTROL NUMBER | |
| control field | vtls000291366 |
| 003 - CONTROL NUMBER IDENTIFIER | |
| control field | PNM |
| 005 - DATE AND TIME OF LATEST TRANSACTION | |
| control field | 20190626161812.0 |
| 008 - FIXED-LENGTH DATA ELEMENTS--GENERAL INFORMATION | |
| fixed length control field | 001030s2002 my ao e 000 0 chi |
| 015 ## - NATIONAL BIBLIOGRAPHY NUMBER | |
| National bibliography number | M16-08656 |
| Qualifying information | volume 1 |
| National bibliography number | M16-08657 |
| Qualifying information | volume 2 |
| 020 ## - INTERNATIONAL STANDARD BOOK NUMBER | |
| International Standard Book Number | 9789834030469 |
| Qualifying information | hardback |
| -- | volume 1 |
| Terms of availability | RM220.00 |
| International Standard Book Number | 9789834030476 |
| Qualifying information | hardback |
| -- | volume 2 |
| Terms of availability | RM220.00 |
| 039 #9 - LEVEL OF BIBLIOGRAPHIC CONTROL AND CODING DETAIL [OBSOLETE] | |
| Level of rules in bibliographic description | 201905020815 |
| Level of effort used to assign nonsubject heading access points | AUTHORITY |
| Level of effort used to assign subject headings | 201707170815 |
| Level of effort used to assign classification | rosliza |
| Level of effort used to assign subject headings | 201610111039 |
| Level of effort used to assign classification | sitisuhaida |
| Level of effort used to assign subject headings | 201607130924 |
| Level of effort used to assign classification | salbiah |
| 040 ## - CATALOGING SOURCE | |
| Original cataloging agency | PNM |
| Language of cataloging | eng |
| Transcribing agency | PNM |
| Modifying agency | PPAK |
| Description conventions | rda |
| 041 ## - LANGUAGE CODE | |
| Language code of text/sound track or separate title | chi |
| -- | eng |
| -- | may |
| 049 ## - LOCAL HOLDINGS (OCLC) | |
| Holding library | mal |
| 082 04 - DEWEY DECIMAL CLASSIFICATION NUMBER | |
| Classification number | 581.634 |
| Edition number | 23 |
| 090 00 - LOCALLY ASSIGNED LC-TYPE CALL NUMBER (OCLC); LOCAL CALL NUMBER (RLIN) | |
| Classification number (OCLC) (R) ; Classification number, CALL (RLIN) (NR) | 581.634 |
| Feature heading | GOH |
| Feature heading | R |
| 100 10 - MAIN ENTRY--PERSONAL NAME | |
| Personal name | Goh, Kong Ling, |
| Dates associated with a name | 1951- |
| Relator term | author, |
| -- | editor. |
| 245 10 - TITLE STATEMENT | |
| Title | Malaixiya zhong cao yao. |
| Number of part/section of a work | [di yi ce - di san ce] = |
| Remainder of title | MALAYSIAN HERBS |
| Number of part/section of a work | VOLUME 1-2 / |
| Statement of responsibility, etc. | GOH, KONG LING |
| Linkage | 880-01 |
| 246 3# - VARYING FORM OF TITLE | |
| Title proper/short title | Malaysian herbs |
| 250 ## - EDITION STATEMENT | |
| Edition statement | (CHINESE EDITION) |
| 264 #1 - PRODUCTION, PUBLICATION, DISTRIBUTION, MANUFACTURE, AND COPYRIGHT NOTICE | |
| Place of production, publication, distribution, manufacture | Port Klang, Selangor : |
| Name of producer, publisher, distributor, manufacturer | Goh Kong Ling, |
| Date of production, publication, distribution, manufacture, or copyright notice | 2002 |
| 300 ## - PHYSICAL DESCRIPTION | |
| Extent | 2 volumes (vi, 254 ; vi, 254 pages) : |
| Other physical details | colour photographs ; |
| Dimensions | 30 cm |
| 336 ## - CONTENT TYPE | |
| Source | rdacontent |
| Content type term | text |
| 337 ## - MEDIA TYPE | |
| Source | rdamedia |
| Media type term | unmediated |
| 338 ## - CARRIER TYPE | |
| Source | rdacarrier |
| Carrier type term | volume |
| 500 ## - GENERAL NOTE | |
| General note | Text in Chinese |
| 650 10 - SUBJECT ADDED ENTRY--TOPICAL TERM | |
| Topical term or geographic name entry element | Medicinal plants |
| Geographic subdivision | Malaysia |
| Topical term or geographic name entry element | Material medical, Vegetable |
| Geographic subdivision | Malaysia |
| Topical term or geographic name entry element | Herbs |
| General subdivision | Therapeutic use |
| Geographic subdivision | Malaysia |
| 880 00 - ALTERNATE GRAPHIC REPRESENTATION | |
| Linkage | 245-01/$1 |
| a | 马来西亚中草药 / |
| c | 吴康麟编著 |
| 942 ## - ADDED ENTRY ELEMENTS (KOHA) | |
| Source of classification or shelving scheme | Dewey Decimal Classification |
| Koha item type | Book |
| 949 ## - LOCAL PROCESSING INFORMATION (OCLC) | |
| 6 | 2000276329 |
| 6 | 2000278568 |
| Withdrawn | Not for loan | Current library | Shelving location | Date acquired | Serial Enumeration / chronology | Full call number | Barcode | Date last seen | Koha item type |
|---|---|---|---|---|---|---|---|---|---|
| Not For Loan | Perpustakaan Alor Setar | Rujukan Dewasa | 02/07/2019 | Volume 1 | R 581.634 GOH | A01607882 | 02/07/2019 | Book | |
| Not For Loan | Perpustakaan Alor Setar | Rujukan Dewasa | 02/07/2019 | Volume 2 | R 581.634 GOH | A01607887 | 02/07/2019 | Book | |
| Not For Loan | Perpustakaan Awam Sungai Petani | Rujukan Dewasa | 02/07/2019 | Volume 1 | R 581.634 GOH | A01607883 | 02/07/2019 | Book | |
| Not For Loan | Perpustakaan Awam Sungai Petani | Rujukan Dewasa | 02/07/2019 | Volume 2 | R 581.634 GOH | A01607888 | 02/07/2019 | Book | |
| Not For Loan | Perpustakaan Baling | Rujukan Dewasa | 02/07/2019 | Volume 1 | R 581.634 GOH | A01607886 | 02/07/2019 | Book | |
| Not For Loan | Perpustakaan Baling | Rujukan Dewasa | 02/07/2019 | Volume 2 | R 581.634 GOH | A01607891 | 02/07/2019 | Book | |
| Not For Loan | Perpustakaan Kulim | Rujukan Dewasa | 02/07/2019 | Volume 1 | R 581.634 GOH | A01607885 | 02/07/2019 | Book | |
| Not For Loan | Perpustakaan Kulim | Rujukan Dewasa | 02/07/2019 | Volume 2 | R 581.634 GOH | A01607890 | 02/07/2019 | Book | |
| Not For Loan | Perpustakaan Langkawi | Rujukan Dewasa | 02/07/2019 | Volume 1 | R 581.634 GOH | A01607884 | 02/07/2019 | Book | |
| Not For Loan | Perpustakaan Langkawi | Rujukan Dewasa | 02/07/2019 | Volume 2 | R 581.634 GOH | A01607889 | 02/07/2019 | Book |